Sortilegios de la memoria y el olvido

Spremljeno u:
Bibliografski detalji
Glavni autor: Bauzá, Hugo Francisco (Autor)
Format: Knjiga
Jezik:španjolski
Izdano: Buenos Aires Akal 2015
Izdanje:1a. ed
Serija:Akal Inter Pares
Teme:
Oznake: Dodaj oznaku
Bez oznaka, Budi prvi tko označuje ovaj zapis!

MARC

LEADER 00000cam a2200000 a 4500
001 UCD6321
003 CL-VaPUC
008 161201e20150000ag |||||||||||||||||spa|d
020 |a 9789874544445 
082 0 4 |a 901  |b BAU  |2 21 
100 0 |a Bauzá, Hugo Francisco  |e author  |9 590122 
245 1 0 |a Sortilegios de la memoria y el olvido 
250 |a 1a. ed 
300 |a 157 p 
942 |c BK 
945 |d 20161201 17:35:00  |a dcastane 
260 |a Buenos Aires  |b Akal  |c 2015 
650 0 |a Filosofía de la historia  |9 265651 
650 0 |a Memoria  |9 266549 
583 |a last modification  |c 20161201 17:35:00  |k Rodrigo Vera 
490 0 |a Akal Inter Pares 
999 |c 366676  |d 366674 
952 |0 0  |1 0  |3 erb  |4 0  |6 901_000000000000000_BAU_2015  |7 0  |8 A  |9 481141  |a BIBHIS  |b BIBHIS  |i 535398K  |l 1  |o 901 BAU 2015  |p 535398K  |r 2025-01-20  |s 2021-01-12  |w 2019-11-24  |y BK  |z Catalogado en:20161201  |k HIS